[Event "European Rapid 2016"]
[Site "Tallinn EST"]
[Date "2016.12.15"]
[Round "1.33"]
[White "Andriasian, Zaven"]
[Black "Pedoson, Georg Aleksander"]
[Result "1-0"]
[WhiteTitle "GM"]
[WhiteElo "2621"]
[BlackElo "1956"]
[WhiteFideId "13302000"]
[BlackFideId "4504372"]
[EventDate "2016.12.15"]

1. e4 e5 2. Nf3 Nc6 3. Bc4 Bc5 4. O-O Nf6 5. d3 O-O 6. c3 d6 7. Nbd2 a6 8. Bb3
h6 9. h3 Be6 10. Re1 Ba7 11. Nf1 Na5 12. Bc2 c5 13. Ng3 Rc8 14. Nh4 d5 15. Qf3
c4 16. Nhf5 cxd3 17. Bxd3 dxe4 18. Nxe4 Nxe4 19. Bxe4 Bxf5 20. Bxf5 Rc6 21. Be3
Bxe3 22. Qxe3 Nc4 23. Qe2 Qb6 24. Be4 Rcc8 25. Bd3 Nd6 26. Qxe5 Rfd8 27. Qe2 Qc5
28. Rad1 b5 29. Bb1 g6 30. Rd4 Re8 31. Qd1 Nc4 32. Re2 a5 33. Be4 b4 34. cxb4
axb4 35. Rc2 Qb5 36. Bd3 1-0

[Event "European Rapid 2016"]
[Site "Tallinn EST"]
[Date "2016.12.15"]
[Round "1.34"]
[White "Isakovs, Janis"]
[Black "Anton Guijarro, David"]
[Result "0-1"]
[BlackTitle "GM"]
[WhiteElo "1981"]
[BlackElo "2650"]
[WhiteFideId "4668030"]
[BlackFideId "2285525"]
[EventDate "2016.12.15"]

1. Nf3 Nf6 2. c4 b6 3. Nc3 Bb7 4. d4 e6 5. Bg5 Be7 6. e3 O-O 7. Be2 c5 8. O-O
cxd4 9. Nxd4 a6 10. Bf3 Qc8 11. Bxb7 Qxb7 12. Rc1 h6 13. Bh4 Rc8 14. b3 d6 15.
f3 Nc6 16. Bf2 Nxd4 17. Qxd4 b5 18. cxb5 axb5 19. e4 d5 20. exd5 Bc5 21. Qd2
Bxf2+ 22. Qxf2 b4 23. Ne4 Nxe4 24. fxe4 exd5 25. exd5 Qxd5 26. h3 Qb7 27. Kh1
Rf8 28. Rc4 Ra6 29. Rfc1 Rg6 30. R1c2 Rd8 31. Rd2 Rb8 32. Rcd4 Qc6 33. Rc4 Qe6
34. Re2 Qd5 35. Rd2 Qe5 36. Re2 Qh5 37. Rce4 Qd5 38. Re8+ Rxe8 39. Rxe8+ Kh7 40.
Re1 f5 41. Qc2 Rg3 42. Kh2 Rc3 43. Qf2 Qd6+ 44. Kh1 Qd5 45. Kh2 Qd6+ 46. Kh1 f4
47. Qe2 Re3 48. Qc2+ Qg6 49. Qxg6+ Kxg6 50. Rc1 Kf5 51. Rc4 Re4 52. Rc5+ Re5 53.
Rc4 Re4 54. Rc5+ Ke6 55. Rb5 g5 56. Kg1 Kf6 57. Kf2 Rd4 58. Ke2 h5 59. Kf3 Rd3+
60. Ke2 Rd4 61. Kf3 Rd3+ 62. Ke2 Rc3 63. Kd2 Rg3 64. Rxb4 Rxg2+ 65. Kd3 f3 66.
Ke3 g4 67. hxg4 hxg4 68. a4 Kg5 69. a5 Re2+ 70. Kd3 Re5 71. a6 f2 72. Kd4 Ra5
73. Ra4 Rxa4+ 74. bxa4 f1=Q 0-1

[Event "European Rapid 2016"]
[Site "Tallinn EST"]
[Date "2016.12.15"]
[Round "1.35"]
[White "Pavlidis, Antonios"]
[Black "Gercans, Visvaldis"]
[Result "1-0"]
[WhiteTitle "GM"]
[WhiteElo "2532"]
[BlackElo "1873"]
[WhiteFideId "4212312"]
[BlackFideId "11604301"]
[EventDate "2016.12.15"]

1. e4 e5 2. Nf3 Nc6 3. Bb5 a6 4. Ba4 f5 5. d3 fxe4 6. dxe4 Nf6 7. Nc3 d6 8. Bg5
b5 9. Bb3 Na5 10. Qd3 Be7 11. h3 Nxb3 12. axb3 Bd7 13. Bxf6 Bxf6 14. O-O O-O 15.
Ra2 Qc8 16. Rfa1 Qb7 17. Qd5+ Qxd5 18. Nxd5 Bd8 19. Rxa6 Rxa6 20. Rxa6 Bxh3 21.
gxh3 Rxf3 22. Kg2 Rf8 23. Rc6 Rf7 24. Nc3 Kf8 25. Nxb5 Ke8 26. b4 Kd7 27. Rc3 g6
28. Rf3 Rg7 29. Nc3 Bg5 30. b5 Bc1 31. b3 g5 32. Nd5 Bf4 33. Rc3 Kd8 34. Rc6 h5
35. b6 cxb6 36. Rxd6+ Kc8 37. Rh6 b5 38. Rxh5 Bd2 39. Rh6 g4 40. Rc6+ Kd8 41.
hxg4 Rxg4+ 42. Kf3 Rh4 43. Rb6 Be1 44. Rxb5 Rh2 45. Ke2 Bxf2 46. Kd3 Be1 47. c4
Rd2+ 48. Ke3 Rc2 49. Rb7 Bf2+ 50. Kf3 Bd4 51. Kg4 Kc8 52. Rc7+ Kd8 53. Rh7 Rb2
54. b4 Rc2 55. c5 Rc4 56. Kf5 Bb2 57. Rh8+ Kd7 58. Nb6+ 1-0

[Event "European Rapid 2016"]
[Site "Tallinn EST"]
[Date "2016.12.15"]
[Round "1.36"]
[White "Kleinert, Juergen"]
[Black "Kobalia, Mikhail"]
[Result "0-1"]
[BlackTitle "GM"]
[WhiteElo "1967"]
[BlackElo "2628"]
[WhiteFideId "4659180"]
[BlackFideId "4119150"]
[EventDate "2016.12.15"]

1. e4 c5 2. c3 Nf6 3. e5 Nd5 4. d4 cxd4 5. Nf3 e6 6. cxd4 d6 7. Be2 b6 8. Nc3
Bb7 9. O-O Be7 10. Bd2 O-O 11. Rc1 Nxc3 12. bxc3 Nc6 13. Bf4 dxe5 14. Nxe5 Nxe5
15. Bxe5 Bd6 16. f4 Ba3 17. f5 Bxc1 18. Qxc1 f6 19. Bg3 Re8 20. Bb5 Re7 21. Rf4
Rc8 22. fxe6 Rxe6 23. Qf1 Rxc3 24. Rh4 Qd5 25. Be2 Rc1 0-1

[Event "European Rapid 2016"]
[Site "Tallinn EST"]
[Date "2016.12.15"]
[Round "1.37"]
[White "Grigoriants, Sergey"]
[Black "Vrba, Michal"]
[Result "1-0"]
[WhiteTitle "GM"]
[WhiteElo "2563"]
[BlackElo "1985"]
[WhiteFideId "4130804"]
[BlackFideId "14909790"]
[EventDate "2016.12.15"]

1. e4 e6 2. d4 d5 3. Nd2 dxe4 4. Nxe4 Nd7 5. Nf3 Ngf6 6. Bd3 Be7 7. Nxf6+ Nxf6
8. Qe2 O-O 9. Bg5 Qd5 10. O-O Bd7 11. c4 Qa5 12. Ne5 Rad8 13. Rad1 Qb6 14. Bb1
Bc6 15. d5 Bd7 16. Qc2 g6 17. c5 Qa6 18. d6 cxd6 19. cxd6 Rc8 20. dxe7 Rxc2 21.
exf8=Q+ Kxf8 22. Bxc2 Bb5 23. Bxf6 1-0

[Event "European Rapid 2016"]
[Site "Tallinn EST"]
[Date "2016.12.15"]
[Round "1.38"]
[White "Janzelj, Lara"]
[Black "Novikov, Stanislav"]
[Result "0-1"]
[WhiteTitle "WFM"]
[BlackTitle "GM"]
[WhiteElo "2107"]
[BlackElo "2513"]
[WhiteFideId "14608391"]
[BlackFideId "4125371"]
[EventDate "2016.12.15"]

1. d4 g6 2. c4 Bg7 3. Nf3 d6 4. Nc3 c6 5. e4 Bg4 6. Be2 Qb6 7. Na4 Qa5+ 8. Bd2
Qc7 9. Be3 Nd7 10. O-O Ngf6 11. h3 Bxf3 12. Bxf3 c5 13. Rc1 O-O 14. Re1 a6 15.
dxc5 dxc5 16. Nc3 e6 17. Qc2 Ne5 18. Be2 Nfd7 19. Rcd1 Nc6 20. Bf1 Nd4 21. Qd2
Ne5 22. Kh1 Rad8 23. Bxd4 cxd4 24. Nb1 Nd7 25. b3 e5 26. Qe2 f5 27. exf5 gxf5
28. g4 fxg4 29. Qxg4 Rxf2 30. Qg3 Rf4 31. Bg2 Nf6 32. Nd2 Kh8 33. Qg5 Re8 34.
Ne4 Nxe4 35. Bxe4 Qf7 36. Rd2 Bf6 37. Qg2 Rg8 38. Qh2 Qh5 39. Rxd4 Rxe4 0-1

[Event "European Rapid 2016"]
[Site "Tallinn EST"]
[Date "2016.12.15"]
[Round "1.40"]
[White "Popov, Sergey A."]
[Black "Munoz, Miguel"]
[Result "0-1"]
[BlackTitle "GM"]
[WhiteElo "2096"]
[BlackElo "2473"]
[WhiteFideId "14105233"]
[BlackFideId "3800229"]
[EventDate "2016.12.15"]

1. Nf3 c5 2. c4 Nc6 3. g3 g6 4. Nc3 Bg7 5. Bg2 e6 6. O-O Nge7 7. e3 O-O 8. d4 d6
9. Re1 e5 10. d5 Na5 11. Qe2 f5 12. e4 f4 13. Bd2 b6 14. Rad1 Kh8 15. b3 Ng8 16.
gxf4 Bg4 17. h3 Bxf3 18. Qxf3 exf4 19. Ne2 Be5 20. Bc3 Qf6 21. Bxe5 Qxe5 22. Nc1
Rae8 23. Nd3 Qf6 24. Re2 Nb7 25. Rde1 Re5 26. Nxe5 dxe5 27. Rd2 Nd6 28. Kh2 Nh6
29. Rg1 Nhf7 30. Qg4 Ng5 31. f3 h5 32. Qd7 Rf7 33. Qc6 Kh7 34. Rf2 Qd8 35. Bf1
Rc7 36. Qa4 Ndf7 37. b4 cxb4 38. Qxb4 Kh6 39. Be2 Qc8 40. Bf1 Qd8 41. Bg2 Nh7
42. Bf1 Qh4 43. Rfg2 0-1

[Event "European Rapid 2016"]
[Site "Tallinn EST"]
[Date "2016.12.15"]
[Round "2.2"]
[White "Navara, David"]
[Black "Vovk, Ilja"]
[Result "1-0"]
[WhiteTitle "GM"]
[BlackTitle "FM"]
[WhiteElo "2725"]
[BlackElo "2311"]
[WhiteFideId "309095"]
[BlackFideId "4501764"]
[EventDate "2016.12.15"]

1. d4 f5 2. Nc3 d5 3. Bf4 a6 4. e3 Nf6 5. Nf3 e6 6. Be2 c5 7. Ne5 Be7 8. Bh5+ g6
9. Bf3 O-O 10. h4 Ne4 11. Bxe4 dxe4 12. dxc5 Qa5 13. Qd4 Bxc5 14. Qa4 Qb6 15.
O-O-O Be7 16. Bh6 Rd8 17. Rxd8+ Qxd8 18. Rd1 1-0

[Event "European Rapid 2016"]
[Site "Tallinn EST"]
[Date "2016.12.15"]
[Round "2.4"]
[White "Wojtaszek, Radoslaw"]
[Black "Brendel, Oliver"]
[Result "1-0"]
[WhiteTitle "GM"]
[BlackTitle "IM"]
[WhiteElo "2749"]
[BlackElo "2324"]
[WhiteFideId "1118358"]
[BlackFideId "4602048"]
[EventDate "2016.12.15"]

1. e4 c5 2. Nf3 g6 3. c4 Nc6 4. d4 cxd4 5. Nxd4 Nf6 6. Nc3 Nxd4 7. Qxd4 d6 8.
Be2 Bg7 9. Be3 O-O 10. Qd2 Be6 11. Rc1 Qa5 12. f3 Rfc8 13. b3 a6 14. Na4 Qxd2+
15. Kxd2 Nd7 16. g4 f5 17. exf5 gxf5 18. h3 Rf8 19. Nc3 Rad8 20. g5 f4 21. Bf2
Ne5 22. Nd5 Rd7 23. h4 h6 24. gxh6 Bxh6 25. Rhg1+ Kh7 26. Bd4 b5 27. Bxe5 dxe5
28. Bd3+ Bf5 29. Bxf5+ Rxf5 30. Ke2 bxc4 31. bxc4 e4 32. fxe4 f3+ 33. Kf2 Rf8
34. Rcd1 Rb7 35. Rb1 Rxb1 36. Rxb1 Bg7 37. Rd1 Rc8 38. Nxe7 Rxc4 39. Kxf3 Ra4
40. Nf5 Be5 41. Rd5 Bh2 42. Rd2 Be5 43. h5 Ra3+ 44. Kg4 Ra4 45. Rd7+ Kh8 46. Ne7
Bf6 47. Ng6+ Kg8 48. h6 1-0

[Event "European Rapid 2016"]
[Site "Tallinn EST"]
[Date "2016.12.15"]
[Round "2.5"]
[White "Kanep, Siim"]
[Black "Onischuk, Vladimir"]
[Result "0-1"]
[BlackTitle "GM"]
[WhiteElo "2173"]
[BlackElo "2601"]
[WhiteFideId "4501691"]
[BlackFideId "14114038"]
[EventDate "2016.12.15"]

1. d4 d6 2. e4 Nf6 3. Nc3 g6 4. Be3 a6 5. Qd2 b5 6. f3 Nbd7 7. O-O-O Nb6 8. a3
c6 9. Bh6 a5 10. Bxf8 Rxf8 11. Kb1 Qc7 12. Na2 Be6 13. d5 cxd5 14. Bxb5+ Bd7 15.
Bxd7+ Kxd7 16. b3 a4 17. Kb2 Qa7 18. Qb4 Rfb8 19. Qb5+ Kc7 20. Nb4 Nc4+ 21. bxc4
Rxb5 22. cxb5 dxe4 23. Ne2 Kd7 24. Nd4 Qc5 25. Rhe1 Rc8 26. fxe4 e5 27. Ndc6
Qxb5 28. c4 Qc5 29. Rd2 Rxc6 0-1

[Event "European Rapid 2016"]
[Site "Tallinn EST"]
[Date "2016.12.15"]
[Round "2.6"]
[White "Movsesian, Sergei"]
[Black "Sgircea, Silvia-Raluca"]
[Result "1-0"]
[WhiteTitle "GM"]
[BlackTitle "WIM"]
[WhiteElo "2673"]
[BlackElo "2276"]
[WhiteFideId "310204"]
[BlackFideId "1213776"]
[EventDate "2016.12.15"]

1. e4 c5 2. Nf3 Nc6 3. Nc3 g6 4. d4 cxd4 5. Nxd4 Bg7 6. Nde2 Nf6 7. g3 O-O 8.
Bg2 d6 9. O-O Be6 10. h3 Rc8 11. Re1 Qa5 12. Nf4 Bc4 13. Bd2 Ne5 14. b3 Ba6 15.
Ncd5 Qd8 16. Nxf6+ Bxf6 17. Nd5 Bg7 18. Bg5 Nc6 19. Rc1 h6 20. Bd2 e6 21. Ne3
Qe7 22. a4 b6 23. c4 Rfd8 24. Bc3 Rd7 25. Qd2 Bb7 26. Red1 Rcd8 27. Kh2 Qf8 28.
f4 Kh7 29. Ng4 Qh8 30. f5 h5 31. Ne3 Bxc3 32. Rxc3 Ne5 33. Rf1 Qg7 34. Nc2 Nc6
35. Rcf3 Na5 36. fxe6 fxe6 37. Nd4 Re7 38. Nxe6 1-0

[Event "European Rapid 2016"]
[Site "Tallinn EST"]
[Date "2016.12.15"]
[Round "2.8"]
[White "Kovalenko, Igor"]
[Black "Markevich, Ilya"]
[Result "1/2-1/2"]
[WhiteTitle "GM"]
[WhiteElo "2684"]
[BlackElo "2224"]
[WhiteFideId "14117908"]
[BlackFideId "24114839"]
[EventDate "2016.12.15"]

1. d4 d5 2. c4 e6 3. Nf3 c5 4. cxd5 exd5 5. g3 Nc6 6. Bg2 Nf6 7. O-O Be7 8. Nc3
O-O 9. dxc5 Bxc5 10. Na4 Be7 11. Be3 Re8 12. Rc1 h6 13. h3 Bd6 14. Bc5 Bc7 15.
Nc3 Be6 16. Nb5 Ne4 17. Nxc7 Qxc7 18. Be3 Qd7 19. Kh2 Rad8 20. Nd4 Nxd4 21. Qxd4
b6 22. Rfd1 Qb5 23. Re1 Rc8 24. b3 Nd6 25. g4 Rxc1 26. Bxc1 Qa5 27. Bb2 f6 28.
Rd1 Bf7 29. Rd2 Ne4 30. Rc2 Qxa2 31. b4 Qa6 32. e3 Qb7 33. b5 Rc8 34. Rxc8+ Qxc8
35. Bxe4 dxe4 36. Qxe4 Qd7 37. Bd4 Qd6+ 38. Kg1 Qd5 39. Qf4 Qxb5 40. Qb8+ Kh7
41. Qxa7 Bd5 42. Qxb6 Qe2 43. Qb1+ Kg8 44. Qb8+ Kh7 45. Qb1+ Kg8 46. Qb8+ Kh7
47. Qb1+ 1/2-1/2

[Event "European Rapid 2016"]
[Site "Tallinn EST"]
[Date "2016.12.15"]
[Round "2.10"]
[White "Vallejo Pons, Francisco"]
[Black "Soskov, Vjatsheslav"]
[Result "1-0"]
[WhiteTitle "GM"]
[BlackTitle "FM"]
[WhiteElo "2711"]
[BlackElo "2281"]
[WhiteFideId "2205530"]
[BlackFideId "4501918"]
[EventDate "2016.12.15"]

1. e4 c5 2. Ne2 e6 3. d4 cxd4 4. Nxd4 a6 5. Bd3 Nf6 6. O-O Qc7 7. Qe2 d6 8. c4
Nbd7 9. Nc3 b6 10. f4 Be7 11. Nf3 Bb7 12. e5 dxe5 13. fxe5 Ng4 14. Be4 Rc8 15.
Bxb7 Qxb7 16. h3 Bc5+ 17. Kh1 h5 18. Bf4 Nf2+ 19. Rxf2 Bxf2 20. Qxf2 Rxc4 21.
Qg3 Rg8 22. Rd1 b5 23. a3 b4 24. axb4 Qxb4 25. Bc1 Qb3 26. Qe1 Qc2 27. Rd2 Qb3
28. Qe2 g5 29. Qd3 Rc7 30. Qh7 Rg6 31. Qh8+ Ke7 32. Rf2 Rxc3 33. Bxg5+ Rxg5 34.
Nxg5 Rc1+ 35. Kh2 f5 36. exf6+ Kd6 37. f7 Kd5 1-0

[Event "European Rapid 2016"]
[Site "Tallinn EST"]
[Date "2016.12.15"]
[Round "2.11"]
[White "Sotsky, Alexander"]
[Black "Bortnyk, Olexandr"]
[Result "0-1"]
[WhiteTitle "IM"]
[BlackTitle "GM"]
[WhiteElo "2336"]
[BlackElo "2581"]
[WhiteFideId "4130715"]
[BlackFideId "14120828"]
[EventDate "2016.12.15"]

1. d4 d6 2. c3 Nf6 3. Bg5 Nbd7 4. Bxf6 Nxf6 5. e3 g6 6. Nd2 Bg7 7. Bd3 O-O 8. h4
e5 9. h5 Nxh5 10. Rxh5 gxh5 11. Qxh5 f5 12. dxe5 dxe5 13. Bc4+ Kh8 14. Ngf3 Qe8
15. Qh2 e4 16. Ng5 Qg6 17. f4 exf3 18. Ndxf3 Bf6 19. Nh3 Qh6 20. O-O-O Qxe3+ 21.
Kb1 f4 22. Bd3 Bxh3 23. Qxh3 Rf7 24. Qf5 Raf8 25. Rh1 Bh4 26. Qd5 c6 27. Qd6 Rd8 0-1

[Event "European Rapid 2016"]
[Site "Tallinn EST"]
[Date "2016.12.15"]
[Round "2.12"]
[White "Bognar, Csaba Dr."]
[Black "Naiditsch, Arkadij"]
[Result "0-1"]
[WhiteTitle "FM"]
[BlackTitle "GM"]
[WhiteElo "2168"]
[BlackElo "2687"]
[WhiteFideId "709760"]
[BlackFideId "4650891"]
[EventDate "2016.12.15"]

1. d4 Nf6 2. c4 e6 3. Nf3 Bb4+ 4. Bd2 c5 5. Nc3 b6 6. e3 Bb7 7. a3 Bxc3 8. Bxc3
Ne4 9. Qc2 Qf6 10. Be2 Nxc3 11. Qxc3 Nc6 12. O-O cxd4 13. Nxd4 Nxd4 14. Qxd4
Qxd4 15. exd4 a5 16. b4 Ke7 17. c5 bxc5 18. dxc5 Rhc8 19. Rfc1 Rc7 20. f3 Bd5
21. Kf2 axb4 22. axb4 Rca7 23. Rxa7 Rxa7 24. Rc2 g5 25. b5 Ra3 26. Rb2 Kd8 27.
h4 h6 28. c6 dxc6 29. bxc6 Bxc6 30. Rb8+ Ke7 31. Rh8 Ra2 32. Ke3 f5 33. Rh7+ Kd6
34. Bf1 Ke5 35. hxg5 f4+ 36. Kd3 Bb5+ 37. Kc3 Bxf1 38. gxh6 Rxg2 39. Rg7 Rh2 40.
h7 Kf6 41. Rb7 Rh4 42. Kd4 Bh3 0-1

[Event "European Rapid 2016"]
[Site "Tallinn EST"]
[Date "2016.12.15"]
[Round "2.13"]
[White "Neiksans, Arturs"]
[Black "Tokranovs, Dmitrijs"]
[Result "1/2-1/2"]
[WhiteTitle "GM"]
[WhiteElo "2631"]
[BlackElo "2183"]
[WhiteFideId "11601388"]
[BlackFideId "11603011"]
[EventDate "2016.12.15"]

1. Nf3 d5 2. c4 c6 3. e3 Nf6 4. Nc3 e6 5. b3 Be7 6. Bb2 c5 7. cxd5 exd5 8. d4
Nc6 9. Be2 O-O 10. dxc5 Bxc5 11. O-O Be6 12. Rc1 Qe7 13. Nb5 Ne4 14. Nbd4 Nxd4
15. Nxd4 Rac8 16. Bd3 Bb4 17. Rxc8 Rxc8 18. Bxe4 dxe4 19. Nxe6 Qxe6 20. Bxg7
Kxg7 21. Qd4+ Kg6 22. Qxb4 Qd5 23. Qa3 a6 24. Qb2 f6 25. h3 Qd3 26. Rc1 Rd8 27.
Qc2 Qxc2 28. Rxc2 Rd5 29. g4 h5 30. Rc7 b5 31. gxh5+ Rxh5 32. Ra7 Rxh3 33. Rxa6
Rh5 34. Rd6 Rc5 35. Kg2 Rg5+ 36. Kf1 Rc5 37. Rd4 f5 38. Rd8 Rc2 39. Ra8 b4 40.
Ra4 Kg5 41. Rxb4 Rxa2 42. Kg2 Rb2 43. Kg3 Rb1 44. Rb8 Rg1+ 45. Kh2 Rb1 46. Kg2
f4 47. Rg8+ Kh6 48. exf4 Rxb3 49. Rg3 Rb5 50. Rg8 Rb3 51. Rg3 Rb5 52. Re3 Rb4
53. Kg3 Kg6 54. Rc3 Rb1 55. Rc6+ Kf5 56. Rc5+ Kf6 57. Re5 Rg1+ 58. Kh2 Re1 59.
Kg2 Kg6 60. Kh2 Kf6 61. Kg3 Rg1+ 62. Kh3 Rh1+ 63. Kg2 Re1 64. Kh2 Kg6 65. Re8
Kf5 66. Rf8+ Kg4 67. Kg2 Re2 68. Kf1 Kf3 69. Rh8 Rxf2+ 70. Ke1 Re2+ 71. Kf1 Rb2
72. Rh3+ Kxf4 73. Rc3 e3 74. Rc8 Ke5 1/2-1/2

[Event "European Rapid 2016"]
[Site "Tallinn EST"]
[Date "2016.12.15"]
[Round "2.14"]
[White "Tanav, Tiit"]
[Black "Riazantsev, Alexander"]
[Result "0-1"]
[BlackTitle "GM"]
[WhiteElo "2229"]
[BlackElo "2671"]
[WhiteFideId "4501152"]
[BlackFideId "4125029"]
[EventDate "2016.12.15"]

1. d4 Nf6 2. Nf3 d5 3. c4 e6 4. Bg5 dxc4 5. Qa4+ Nbd7 6. e3 a6 7. Qxc4 b5 8. Qc2
Bb7 9. Nbd2 c5 10. a4 Rc8 11. axb5 cxd4 12. Qb1 dxe3 13. Bxe3 a5 14. Be2 Nd5 15.
Bg5 f6 16. Bh4 Nf4 17. Bg3 Nxe2 18. Kxe2 Qb6 19. Qd3 Nc5 20. Nc4 Qa7 21. Qe3 Bd5
22. Rhc1 Qb7 23. Rxa5 Ne4 24. b3 Bc5 25. Qd3 O-O 26. Nd4 Rfd8 27. Nf3 Bb4 28.
Nd4 Bxc4 29. Rxc4 Bxa5 0-1

[Event "European Rapid 2016"]
[Site "Tallinn EST"]
[Date "2016.12.15"]
[Round "2.15"]
[White "Mamedov, Rauf"]
[Black "Molchanova, Tatjana"]
[Result "1-0"]
[WhiteTitle "GM"]
[BlackTitle "WGM"]
[WhiteElo "2688"]
[BlackElo "2245"]
[WhiteFideId "13401653"]
[BlackFideId "4132203"]
[EventDate "2016.12.15"]

1. e4 c6 2. Ne2 d5 3. e5 d4 4. c3 dxc3 5. Nbxc3 Bf5 6. d4 e6 7. Nf4 Bb4 8. Nh5
Kf8 9. Be2 g6 10. Ng3 h5 11. O-O Bxc3 12. bxc3 Ne7 13. Bg5 h4 14. Nxf5 exf5 15.
Qb3 Qd7 16. Qa3 Ke8 17. Rab1 h3 18. Bc4 Nd5 19. Rfe1 hxg2 20. Bxd5 cxd5 21. e6
fxe6 22. Rxb7 Qxb7 23. Rxe6+ Kd7 24. Re7+ Kc8 25. Rxb7 Kxb7 26. Qe7+ Kc8 27.
Qc5+ Kb7 28. Qb5+ 1-0

[Event "European Rapid 2016"]
[Site "Tallinn EST"]
[Date "2016.12.15"]
[Round "2.16"]
[White "Ovod, Evgenija"]
[Black "Najer, Evgeniy"]
[Result "1/2-1/2"]
[WhiteTitle "IM"]
[BlackTitle "GM"]
[WhiteElo "2380"]
[BlackElo "2679"]
[WhiteFideId "4131827"]
[BlackFideId "4118987"]
[EventDate "2016.12.15"]

1. d4 Nf6 2. Bg5 e6 3. Nd2 h6 4. Bh4 c5 5. e4 Qa5 6. Bxf6 gxf6 7. d5 Bg7 8. c3
O-O 9. a4 f5 10. Bc4 exd5 11. Bxd5 Nc6 12. Ne2 Ne7 13. Nf4 Qa6 14. Bc4 Qb6 15.
Qc2 Qc7 16. Nd5 Nxd5 17. Bxd5 d6 18. O-O Be6 19. Qb3 Rae8 20. exf5 Bxf5 21. a5
Re7 22. Nc4 Rfe8 23. Rad1 Kf8 24. h3 Bg6 25. f4 Bf5 26. g4 Bc8 27. Rd2 Bf6 28.
Qc2 Re1 29. Qh7 Rxf1+ 30. Kxf1 Bg7 31. Qd3 b5 32. axb6 axb6 33. Ne3 b5 34. Nf5
c4 35. Qc2 Qc5 36. Be4 Bxf5 37. Bxf5 Qe3 38. Kg2 Qxf4 39. Rf2 Qe3 40. Bg6 Re7
41. Qf5 Qe6 42. Qxe6 Rxe6 43. Bxf7 Rf6 44. Rxf6 Bxf6 45. Bd5 Ke7 46. Kf3 Bg5 47.
Bc6 Bc1 48. Bxb5 d5 49. Ke2 Bxb2 1/2-1/2

[Event "European Rapid 2016"]
[Site "Tallinn EST"]
[Date "2016.12.15"]
[Round "2.17"]
[White "Alekseev, Evgeny"]
[Black "Szakolczai, Peter"]
[Result "1-0"]
[WhiteTitle "GM"]
[BlackTitle "FM"]
[WhiteElo "2632"]
[BlackElo "2240"]
[WhiteFideId "4138147"]
[BlackFideId "705624"]
[EventDate "2016.12.15"]

1. e4 c5 2. Nf3 e6 3. d4 cxd4 4. Nxd4 Nf6 5. Nc3 Qb6 6. Nb3 Bb4 7. Bd2 d6 8. Bd3
O-O 9. O-O Bxc3 10. Bxc3 e5 11. Kh1 Nbd7 12. Qe2 Qc7 13. f4 b6 14. fxe5 dxe5 15.
Bd2 Bb7 16. Bg5 Rfe8 17. Rf5 Re6 18. Raf1 Rc8 19. Nd2 a6 20. a4 Qc6 21. b3 h6
22. Bh4 Rf8 23. h3 g6 24. R5f3 Kg7 25. Qf2 g5 26. Bg3 b5 27. axb5 axb5 28. Rf5
b4 29. Nc4 Rfe8 30. h4 g4 31. h5 R8e7 32. Bh4 Ba6 33. Nxe5 Rxe5 34. Rxf6 Nxf6
35. Bxf6+ Kg8 36. Bxe5 Bxd3 37. cxd3 Qb5 38. d4 1-0

[Event "European Rapid 2016"]
[Site "Tallinn EST"]
[Date "2016.12.15"]
[Round "2.18"]
[White "Dudas, Jan"]
[Black "Matlakov, Maxim"]
[Result "0-1"]
[WhiteTitle "FM"]
[BlackTitle "GM"]
[WhiteElo "2207"]
[BlackElo "2694"]
[WhiteFideId "14900580"]
[BlackFideId "4168003"]
[EventDate "2016.12.15"]

1. d4 Nf6 2. Nf3 g6 3. Bg5 Bg7 4. Nbd2 O-O 5. e4 d6 6. Bd3 c5 7. c3 cxd4 8. cxd4
Nc6 9. O-O h6 10. Bxf6 Bxf6 11. d5 Nb4 12. Be2 a5 13. a3 Na6 14. Rb1 Nc5 15. Re1
Bd7 16. b3 b5 17. Bf1 Qb6 18. Qe2 e5 19. Qe3 Bg7 20. b4 axb4 21. axb4 Na4 22.
Qxb6 Nxb6 23. Ra1 Rfc8 24. Nb3 Ra4 25. Rxa4 bxa4 26. Na5 Rc2 27. b5 f5 28. Bd3
Rc3 29. Bf1 Rc2 30. Bd3 Rb2 31. h3 Bxb5 32. Bxb5 Rxb5 33. Nc6 fxe4 34. Nd2 Nxd5
35. Nxe4 Rb6 36. Rc1 a3 37. Na5 a2 38. Nd2 e4 39. Nab3 Nc3 40. Kf1 Nb1 41. Rc8+
Kh7 42. Ra8 Nxd2+ 43. Nxd2 a1=Q+ 0-1

[Event "European Rapid 2016"]
[Site "Tallinn EST"]
[Date "2016.12.15"]
[Round "2.19"]
[White "Shirov, Alexei"]
[Black "Fernandez Gil, Marco Antonio"]
[Result "1-0"]
[WhiteTitle "GM"]
[WhiteElo "2673"]
[BlackElo "2215"]
[WhiteFideId "2209390"]
[BlackFideId "2252090"]
[EventDate "2016.12.15"]

1. d4 Nf6 2. c4 Nc6 3. Nf3 e6 4. g3 Bb4+ 5. Nc3 O-O 6. Bg2 d6 7. O-O Bxc3 8.
bxc3 e5 9. Bg5 h6 10. Bxf6 Qxf6 11. Rb1 Rb8 12. Nd2 Bf5 13. e4 Bd7 14. Nb3 b6
15. f4 Qe7 16. Qd3 a5 17. Nd2 exd4 18. cxd4 Nb4 19. Qb3 c5 20. d5 a4 21. Qb2 a3
22. Qxa3 Ra8 23. Qc3 Rxa2 24. Ra1 Rfa8 25. Rxa2 Rxa2 26. Ra1 Rc2 27. Qe3 f6 28.
Ra8+ Be8 29. e5 fxe5 30. fxe5 Rc1+ 31. Nf1 Rd1 32. Qf3 Re1 33. exd6 Qxd6 34. Bh3
Kh7 35. Be6 Rxe6 36. Qf5+ Rg6 37. Rxe8 Qf6 38. Qc8 Qd4+ 39. Ne3 Rf6 40. Rh8+ Kg6
41. Qe8+ Rf7 42. Rf8 Qa1+ 43. Kg2 1-0

[Event "European Rapid 2016"]
[Site "Tallinn EST"]
[Date "2016.12.15"]
[Round "2.20"]
[White "Berzina, Ilze"]
[Black "Motylev, Alexander"]
[Result "0-1"]
[WhiteTitle "WGM"]
[BlackTitle "GM"]
[WhiteElo "2323"]
[BlackElo "2663"]
[WhiteFideId "11601345"]
[BlackFideId "4121830"]
[EventDate "2016.12.15"]

1. e4 c5 2. Nf3 Nc6 3. Bb5 g6 4. O-O Bg7 5. Re1 e5 6. c3 Nge7 7. d4 cxd4 8. cxd4
exd4 9. Bg5 O-O 10. Nbd2 h6 11. Bf4 a6 12. Bc4 d5 13. Bb3 d3 14. e5 g5 15. Bg3
Nf5 16. Nf1 g4 17. N3d2 Ncd4 18. Ne3 Ne2+ 19. Kh1 Nxe3 20. fxe3 Nxg3+ 21. hxg3
Bxe5 22. Nf1 Bf5 23. Qd2 Be4 24. Qf2 Qf6 25. Qxf6 Bxf6 26. Nd2 Bxb2 27. Rad1 Bc3
28. Nxe4 dxe4 29. Rf1 Kg7 30. Rf5 Rae8 31. Rdf1 Re5 32. Rxf7+ Rxf7 33. Rxf7+ Kg6
34. Rxb7 Be1 35. Rb6+ Kg5 36. Rxa6 Bxg3 37. Rd6 Bf2 38. g3 Bxe3 39. Kg2 Rf5 40.
Rd5 h5 41. a4 Bd2 42. Rxf5+ Kxf5 43. Bc4 Ke5 44. Bb5 Kd4 0-1